000 01303naa a22003617a 4500
001 BR7900298
003 BR-BrBNA
005 20240918174310.0
007 ta
008 230509b bl.||||| |||| 00| 0 por d
040 _aBR-BrBNA
_bpor
_cBiblioteca Nacional de Agricultura
041 _a(Pt)
072 _aF30
_b0170
_bG514
090 _aF30 BR7900298
100 1 _aSchaffert, R.E.
100 1 _aTrevisan, W.L.
111 1 _a11. Reuniao Brasileira de Milho e Sorgo
_cPiracicaba, SP (Brazil)
_d26 Jul 1976
245 1 _aO programa de melhoramento do sorgo no Centro Nacional de Pesquisa de Milho e Sorgo [Sorghum halepense, praga de planta, doenca de planta, producao vegetal, fisiologia vegetal, Minas Gerais, Brasil]
260 3 _aPiracicaba, SP (Brasil):
_c1978.
500 _aAnais da 11. Reuniao Brasileira de Milho e Sorgo Piracicaba, SP (Brasil): 1978. p. 603-609 (BR7900298-AM)F30
650 _aSORGO
650 _aMOSCA
650 _aPULGAO
650 _aLAGARTA
650 _aBACTERIA
650 _aVIRUS
650 _aPODRIDAO
650 _aRENDIMENTO
650 _aMINAS GERAIS
773 0 _tAnais da 11. Reuniao Brasileira de Milho e Sorgo
_wF30 BR7900298
_gPiracicaba, SP (Brasil), 1978. p. 603-609
909 _a202404
_bLucia
_c55
_dLucia Elande
942 _cAM
_2AGRIS
999 _c310213
_d310213